5路線以上乗り入れる駅 - Statistics

General Stats
  • This quiz has been taken 1,722 times
    1,682 since last reset
  • The average score is 19 of 24
Answer Stats
駅名 乗り入れ路線 % Correct
新宿 JR山手線、JR中央本線、東京メトロ丸ノ内線、都営新宿線、都営大江戸線、小田急小田原線、京王京王線
98%
東京 JR東海道本線、JR東北本線、JR総武本線、JR京葉線、JR東海道新幹線、JR東北新幹線、東京メトロ丸ノ内線
97%
大宮 JR東北新幹線、JR上越新幹線、JR東北本線、JR高崎線、JR川越線、東武野田線、埼玉新都市交通伊奈線
95%
仙台 JR東北新幹線、JR東北本線、JR仙山線、JR仙石線、仙台市交南北線、仙台市交東西線
94%
横浜 JR東海道本線、JR根岸線、京急本線、東急東横線、横浜高速鉄道みなとみらい線、相鉄相鉄本線、横浜市交ブルーライン
94%
池袋 JR山手線、JR赤羽線、東武東上線、西武池袋線、東京メトロ丸ノ内線、東京メトロ有楽町線、東京メトロ副都心線
93%
渋谷 JR山手線、東京メトロ銀座線、東京メトロ半蔵門線、東京メトロ副都心線、東急東横線、東急田園都市線、京王井の頭線
93%
名古屋 JR東海道新幹線、JR東海道本線、JR中央本線、JR関西本線、名古屋市交東山線、名古屋市交桜通線、あおなみ線
92%
京都 JR東海道新幹線、JR東海道本線、JR山陰本線、JR奈良線、近鉄京都線、京都市交烏丸線
90%
博多 JR山陽新幹線、JR九州新幹線、JR博多南線、JR鹿児島本線、福岡市交空港線、福岡市交七隈線
90%
盛岡 JR東北新幹線、JR東北本線、JR田沢湖線、JR山田線、IGRいわて銀河鉄道
84%
高崎 JR上越新幹線、JR北陸新幹線、JR高崎線、JR上越線、JR信越本線、上信電鉄線
83%
岡山 JR山陽新幹線、JR山陽本線、JR宇野線、JR津山線、JR吉備線
83%
新大阪 JR東海道新幹線、JR山陽新幹線、JR東海道本線、おおさか東線、OsakaMetro御堂筋線
82%
福島 JR東北新幹線、JR東北本線、JR奥羽本線、阿武隈急行線、福島交通飯坂線
81%
天王寺 JR大阪環状線、JR関西本線、JR阪和線、OsakaMetro御堂筋線、OsakaMetro谷町線
72%
大手町 東京メトロ丸ノ内線、東京メトロ東西線、東京メトロ千代田線、東京メトロ半蔵門線、都営三田線
70%
小田原 JR東海道新幹線、JR東海道本線、小田急小田原線、箱根登山電車、伊豆箱根鉄道大雄山線
68%
新横浜 JR東海道新幹線、JR横浜線、横浜市交ブルーライン、東急東急新横浜線、相鉄相鉄新横浜線
67%
北千住 JR常磐線、東武伊勢崎線、東京メトロ千代田線、東京メトロ日比谷線、つくばエクスプレス
65%
西船橋 JR総武本線、JR武蔵野線、JR京葉線、東京メトロ東西線、東葉高速鉄道東葉高速線
61%
京橋 JR大阪環状線、JRJR東西線、JR片町線、京阪京阪本線、OsakaMetro長堀鶴見緑地線
58%
金山 JR東海道本線、JR中央本線、名鉄名古屋本線、名古屋市交名城線、名古屋市交名港線
57%
飯田橋 JR中央本線、東京メトロ東西線、東京メトロ有楽町線、東京メトロ南北線、都営大江戸線
47%
No matching quizzes found
Score Distribution
Percent of People with Each Score
Percentile by Number Answered
Your Score History
You have not taken this quiz since the last reset